00365pab a2200133 454500008004000000100001800040245006700058260000900125300001300134362001000147650002200157700001800179773003400197180718b2009 xxu||||| |||| 00| 0 eng d aBhaduri, Amit aIndustrialisation for the people, by the people, of the people c2009 ap.10-13. a3 Jan aIndustrialization aPatkar, Medha aEconomic and Political Weekly